000 00533nam a2200205Ia 4500
005 20250508165449.0
008 008 250505s9999 xx 000 0 hin d
020 _a81-7055-464-0
037 _aTextual
040 _aFEDL
_beng
_cFEDL
041 _ahin
_2hin
084 _a306, DUB
_qFEDL
100 _aDube Shyamacharan
245 0 _aSamaya aur sanskriti
260 _aNew Delhi, India
_bVani Prakashan
_c2005
300 _a187p.
365 _aINR
_b18
942 _cTEXL
_h306, DUB
999 _c1395247
_d1395247